• 首页
  • 本馆介绍
  • 公告通知
  • 最新文献
  • 馆藏检索
  • 电子资源
  • 读者导购
  • 参考咨询
  • 我的图书馆
  • 登录
  • 详细信息显示
  • 放入我的书架
  • 预约/预借图书
  • 作者相关作品
  • 分类相关作品
  • 丛书相关作品
  • 出版社相关作品

书目信息

  • 表格格式
  • 工作单格式
  • 卡片格式
题名:
世界一流媒体研究
    
 
作者: 徐琴媛 著
分册:  
出版信息: 北京   中国广播电视出版社  2011.01
页数: 311页
开本: 24cm
丛书名: 国际新闻书系
单 册:
中图分类: G219.1
科图分类:
主题词: 媒体--研究--世界 , 媒体
电子资源:
ISBN: 978-7-5043-6322-0
000 00988oam2 2200277 450
001 010050003003
005 20130627100808.64
010    @a978-7-5043-6322-0@dCNY39.00
100    @a20110303d2011 em y0chiy50 ea
101 0  @achi
102    @aCN@b110000
105    @aak z 000yy
106    @ar
200 1  @a世界一流媒体研究@9shi jie yi liu mei ti yan jiu@dStudies on important world media organizations@f徐琴媛等著@zeng
210    @a北京@c中国广播电视出版社@d2011.01
215    @a311页@c图@d24cm
225 2  @a国际新闻书系
330    @a本书共分为五章,其内容包括:世界一流通讯社研究、英美一流电视媒体研究、非英美国家一流电视媒体研究、世界一流报纸研究、世界一流杂志研究、世界一流广播研究等。
461  0 @12001 @a国际新闻书系
510 1  @aStudies on important world media organizations@zeng
606 0  @a媒体@x研究@y世界
606 0  @a媒体
690    @aG219.1@v4
701  0 @a徐琴媛@9xu qin yuan@4著
801  0 @aCN@bRENTIAN@c20110303
905    @b546374-78@dG219.1@e550@f5
    
    世界一流媒体研究=Studies on important world media organizations/徐琴媛等著.-北京:中国广播电视出版社,2011.01
    311页:图;24cm.-(国际新闻书系)
    
    
    ISBN 978-7-5043-6322-0:CNY39.00
    本书共分为五章,其内容包括:世界一流通讯社研究、英美一流电视媒体研究、非英美国家一流电视媒体研究、世界一流报纸研究、世界一流杂志研究、世界一流广播研究等。
●
相关链接 在E读中查询图书 在五车中查询图书 在当当中查询图书 在豆瓣中查询图书


正题名:世界一流媒体研究     索取号:G219.1/550         预约/预借

序号 登录号 条形码 馆藏地/架位号 状态 备注
1 546374   205463746   第一样本阅览室/ [索取号:G219.1/550] 在馆    
2 546375   205463755   第四借阅区/ [索取号:G219.1/550] 在馆    
3 546376   205463764   第四借阅区/ [索取号:G219.1/550] 在馆    
4 546377   205463773   第四借阅区/ [索取号:G219.1/550] 在馆    
5 546378   205463782   中文系资料室/ [索取号:G219.1/550] 在馆    
唐山师范学院图书馆 欢迎您!
大连网信软件有限公司© 版权所有